00869nam a2200217 a 4500003000700000005001700007008004100024020001800065040003300083041000800116050002400124110006400148245016300212260003900375300003800414336002800452337003000480338002700510500008800537650002600625CBULib20240812134941.0140520s2013 ||||||||||||||||| || u a9789211128673 aCBULibbEnglishcCBULiberda aeng aUNCTAD(058)TDR/2013 aUnited Nations Conference on Trade and Development (UNCTAD)10aTrade and development report, 2013 : adjusting to the changing dynamics of the world economyc/ by United Nations Conference on Trade and Development (UNCTAD) aNew York : bUnited Nations,c2013 axviii, 149 pages : illustrations  2rdacontentaText |btxt 2rdamediaaUnmediated |bn 2rdacarrieraVolumebnc aReport by the secretariat of the United Nations Conference on Trade and Development aTRADE AND DEVELOPMENT